[Event "Portugal Open Semirrapidas"]
[Site "Lisboa POR"]
[Date "2020.02.02"]
[Round "6.10"]
[White "FERREIRA, Hugo"]
[Black "FERNANDES, Antonio"]
[Result "1-0"]
[BlackElo "2358"]
[WhiteElo "2126"]
[LiveChessVersion "1.4.8"]

1. d4 {[%clk 0:15:09]} Nf6 {[%clk 0:15:09]} 2. Nf3 {[%clk 0:15:12]} g6
{[%clk 0:15:11]} 3. Bg5 {[%clk 0:15:16]} Bg7 {[%clk 0:15:14]} 4. Nbd2
{[%clk 0:15:20]} c5 {[%clk 0:15:05]} 5. dxc5 {[%clk 0:15:21]} Qa5
{[%clk 0:14:59]} 6. c3 {[%clk 0:15:11]} Qxc5 {[%clk 0:15:01]} 7. e4
{[%clk 0:15:14]} Ng4 {[%clk 0:12:51]} 8. Qe2 {[%clk 0:14:55]} h6 {[%clk 0:11:39]}
9. Bh4 {[%clk 0:14:39]} d6 {[%clk 0:10:39]} 10. h3 {[%clk 0:14:14]} Nf6
{[%clk 0:10:43]} 11. e5 {[%clk 0:13:30]} dxe5 {[%clk 0:10:35]} 12. Nxe5
{[%clk 0:13:05]} O-O {[%clk 0:08:45]} 13. g4 {[%clk 0:10:16]} Nd5
{[%clk 0:08:15]} 14. Nd3 {[%clk 0:10:07]} Qb6 {[%clk 0:06:54]} 15. Bg2
{[%clk 0:09:48]} Be6 {[%clk 0:06:29]} 16. Bg3 {[%clk 0:09:21]} Nc6
{[%clk 0:05:36]} 17. a4 {[%clk 0:09:01]} Rad8 {[%clk 0:04:36]} 18. O-O
{[%clk 0:07:55]} Qa6 {[%clk 0:04:06]} 19. c4 {[%clk 0:07:13]} Nd4
{[%clk 0:03:54]} 20. Qd1 {[%clk 0:06:54]} Nf6 {[%clk 0:03:45]} 21. Nc5
{[%clk 0:06:16]} Qa5 {[%clk 0:03:15]} 22. Nxb7 {[%clk 0:05:55]} Qxd2
{[%clk 0:01:28]} 23. Nxd8 {[%clk 0:05:59]} Qxd1 {[%clk 0:01:24]} 24. Rfxd1
{[%clk 0:05:45]} Rxd8 {[%clk 0:01:28]} 25. c5 {[%clk 0:04:18]} Nd5
{[%clk 0:01:13]} 26. Kh1 {[%clk 0:03:51]} Nb3 {[%clk 0:01:09]} 27. c6
{[%clk 0:03:37]} Rc8 {[%clk 0:00:21]} 28. Bxd5 {[%clk 0:03:13]} Nxa1
{[%clk 0:00:21]} 29. c7 {[%clk 0:03:08]} Bxd5+ {[%clk 0:00:08]} 30. Rxd5
{[%clk 0:03:13]} Bf8 {[%clk 0:00:06]} 31. Rd8 {[%clk 0:03:10]} Rxc7
{[%clk 0:00:10]} 32. Bxc7 {[%clk 0:03:15]} Nb3 {[%clk 0:00:11]} 33. Ra8
{[%clk 0:03:14]} a6 {[%clk 0:00:07]} 34. Rxa6 {[%clk 0:03:07]} Nc5
{[%clk 0:00:10]} 35. Ra8 {[%clk 0:03:11]} f6 {[%clk 0:00:06]} 36. b4 Ne6 37. Bb6
{[%clk 0:03:09]} Kf7 {[%clk 0:00:12]} 38. a5 {[%clk 0:03:13]} Nf4
{[%clk 0:00:12]} 39. a6 {[%clk 0:03:13]} Nd5 {[%clk 0:00:13]} 40. Rb8
{[%clk 0:03:16]} 1-0

[Event "Portugal Open Semirrapidas"]
[Site "Lisboa POR"]
[Date "2020.02.02"]
[Round "6.11"]
[White "CHENNAOUI, Yasin"]
[Black "LEKIC, Dusan"]
[Result "0-1"]
[BlackElo "2357"]
[WhiteElo "2076"]
[LiveChessVersion "1.4.8"]

1. c4 {[%clk 0:15:05]} e5 {[%clk 0:15:05]} 2. g3 {[%clk 0:15:05]} Nf6
{[%clk 0:15:05]} 3. Bg2 {[%clk 0:15:05]} d5 {[%clk 0:15:05]} 4. cxd5
{[%clk 0:15:05]} Nxd5 {[%clk 0:15:05]} 5. Nc3 {[%clk 0:15:05]} Nb6
{[%clk 0:15:05]} 6. Nf3 {[%clk 0:15:05]} Nc6 {[%clk 0:15:05]} 7. O-O
{[%clk 0:15:05]} Be7 {[%clk 0:15:05]} 8. d3 {[%clk 0:15:05]} O-O {[%clk 0:15:04]}
9. Be3 {[%clk 0:15:05]} Re8 {[%clk 0:14:41]} 10. Rc1 {[%clk 0:15:05]} Bf8
{[%clk 0:14:41]} 11. a3 {[%clk 0:14:52]} Be6 {[%clk 0:14:20]} 12. b4
{[%clk 0:14:44]} a5 {[%clk 0:14:20]} 13. b5 {[%clk 0:14:02]} Nd4 {[%clk 0:14:20]}
14. Nxe5 {[%clk 0:11:48]} Bb3 {[%clk 0:14:11]} 15. Qd2 {[%clk 0:11:34]} Rxe5
{[%clk 0:14:11]} 16. Qb2 {[%clk 0:11:34]} a4 {[%clk 0:13:37]} 17. Bxb7
{[%clk 0:10:58]} Rb8 {[%clk 0:12:30]} 18. Bg2 {[%clk 0:10:58]} Rh5
{[%clk 0:11:03]} 19. Nxa4 {[%clk 0:10:23]} Bxa4 {[%clk 0:09:19]} 20. Bxd4
{[%clk 0:09:33]} Rxb5 {[%clk 0:09:07]} 21. Qc3 {[%clk 0:08:51]} Nd5
{[%clk 0:08:56]} 22. Qc6 {[%clk 0:08:12]} Ra5 {[%clk 0:08:40]} 23. Qc4
{[%clk 0:07:55]} Bb3 {[%clk 0:07:21]} 24. Qc6 {[%clk 0:07:51]} Ba4
{[%clk 0:06:20]} 25. Qc4 {[%clk 0:07:51]} c6 {[%clk 0:05:59]} 26. Be5
{[%clk 0:07:01]} Rba8 {[%clk 0:05:34]} 27. d4 {[%clk 0:05:33]} Bb5
{[%clk 0:05:30]} 28. Qc2 {[%clk 0:05:17]} Rxa3 {[%clk 0:05:30]} 29. Be4
{[%clk 0:04:55]} g6 {[%clk 0:05:24]} 30. Rb1 {[%clk 0:04:41]} Ra2
{[%clk 0:04:44]} 31. Qc1 {[%clk 0:03:59]} Rxe2 {[%clk 0:04:31]} 32. Bf3
{[%clk 0:02:08]} Rea2 {[%clk 0:04:29]} 33. Re1 {[%clk 0:02:08]} Bg7
{[%clk 0:04:24]} 34. Qc5 {[%clk 0:01:45]} Bf8 {[%clk 0:04:10]} 35. Qc1
{[%clk 0:01:45]} Nb4 {[%clk 0:04:10]} 36. Re4 {[%clk 0:00:23]} Bd3
{[%clk 0:03:57]} 37. Rh4 {[%clk 0:00:19]} Bxb1 {[%clk 0:03:51]} 38. Qf4
{[%clk 0:00:19]} Bf5 {[%clk 0:03:47]} 39. Kg2 {[%clk 0:00:08]} Nd3
{[%clk 0:03:46]} 40. Qe3 {[%clk 0:00:08]} Rxf2+ {[%clk 0:03:41]} 41. Qxf2
{[%clk 0:00:08]} Nxf2 {[%clk 0:03:41]} 42. Kxf2 {[%clk 0:00:08]} f6
{[%clk 0:03:36]} 43. Bf4 {[%clk 0:00:08]} Qxd4+ {[%clk 0:03:36]} 44. Be3
{[%clk 0:00:08]} Ra2+ {[%clk 0:03:36]} 45. Be2 {[%clk 0:00:08]} Qxh4
{[%clk 0:03:35]} 46. gxh4 {[%clk 0:00:08]} Bd3 {[%clk 0:03:35]} 47. h5
{[%clk 0:00:08]} Rxe2+ {[%clk 0:03:35]} 48. Kf3 {[%clk 0:00:08]} Rxe3+
{[%clk 0:03:27]} 49. Kxe3 {[%clk 0:00:08]} Bf5 {[%clk 0:03:27]} 50. hxg6
{[%clk 0:00:08]} hxg6 {[%clk 0:03:27]} 51. h4 {[%clk 0:00:08]} Kf7
{[%clk 0:03:27]} 52. Kd4 {[%clk 0:00:08]} Ke6 {[%clk 0:03:27]} 53. h5
{[%clk 0:00:08]} gxh5 {[%clk 0:03:27]} 0-1

[Event "Portugal Open Semirrapidas"]
[Site "Lisboa POR"]
[Date "2020.02.02"]
[Round "6.12"]
[White "SOUSA, Andre V"]
[Black "SOUSA, Ludy"]
[Result "1-0"]
[BlackElo "2083"]
[WhiteElo "2281"]
[LiveChessVersion "1.4.8"]

1. e4 {[%clk 0:15:08]} c5 {[%clk 0:15:08]} 2. Nf3 {[%clk 0:15:11]} a6
{[%clk 0:15:12]} 3. c4 {[%clk 0:15:12]} e6 {[%clk 0:14:59]} 4. d4
{[%clk 0:15:12]} cxd4 {[%clk 0:15:03]} 5. Nxd4 {[%clk 0:15:16]} Nf6
{[%clk 0:15:07]} 6. Nc3 {[%clk 0:15:18]} Qc7 {[%clk 0:15:10]} 7. Be2
{[%clk 0:15:15]} Bb4 {[%clk 0:15:13]} 8. Qd3 {[%clk 0:14:33]} Nc6
{[%clk 0:13:38]} 9. O-O {[%clk 0:14:18]} O-O {[%clk 0:11:54]} 10. Bg5
{[%clk 0:14:17]} Bxc3 {[%clk 0:11:07]} 11. bxc3 {[%clk 0:14:12]} Ne5
{[%clk 0:11:02]} 12. Qg3 {[%clk 0:14:13]} Nxe4 {[%clk 0:11:05]} 13. Qh4
{[%clk 0:13:31]} Nxg5 {[%clk 0:10:57]} 14. Qxg5 {[%clk 0:13:34]} Nxc4
{[%clk 0:10:58]} 15. f4 {[%clk 0:13:28]} f5 {[%clk 0:10:26]} 16. Rf3
{[%clk 0:13:15]} Rf6 {[%clk 0:09:46]} 17. Rg3 {[%clk 0:13:11]} Rg6
{[%clk 0:09:39]} 18. Qh5 {[%clk 0:13:15]} Qxf4 {[%clk 0:09:05]} 19. Bxc4
{[%clk 0:13:14]} b5 {[%clk 0:08:22]} 20. Nxf5 {[%clk 0:12:22]} Kh8
{[%clk 0:05:29]} 21. Ne7 {[%clk 0:11:39]} Rf6 {[%clk 0:05:09]} 22. Rf1
{[%clk 0:11:33]} 1-0

[Event "Portugal Open Semirrapidas"]
[Site "Lisboa POR"]
[Date "2020.02.02"]
[Round "6.13"]
[White "MARTIN DUQUE, Jesus"]
[Black "GUERRA, Vitor"]
[Result "1-0"]
[BlackElo "2164"]
[WhiteElo "2384"]
[LiveChessVersion "1.4.8"]

1. e4 {[%clk 0:15:05]} c5 {[%clk 0:15:05]} 2. Nf3 {[%clk 0:15:05]} e6
{[%clk 0:15:10]} 3. d4 {[%clk 0:15:11]} cxd4 {[%clk 0:15:12]} 4. Nxd4
{[%clk 0:15:15]} a6 {[%clk 0:15:16]} 5. c4 {[%clk 0:15:18]} Nf6 {[%clk 0:15:04]}
6. Nc3 {[%clk 0:15:22]} d6 {[%clk 0:14:55]} 7. Be2 {[%clk 0:15:22]} Be7
{[%clk 0:14:42]} 8. O-O {[%clk 0:15:25]} O-O {[%clk 0:14:43]} 9. Be3
{[%clk 0:15:18]} Nfd7 {[%clk 0:14:32]} 10. Qd2 {[%clk 0:15:01]} b6
{[%clk 0:14:30]} 11. f3 {[%clk 0:14:47]} Bb7 {[%clk 0:14:32]} 12. Rfd1
{[%clk 0:14:39]} Nc6 {[%clk 0:14:28]} 13. Nc2 {[%clk 0:14:25]} Rc8
{[%clk 0:14:03]} 14. Rac1 {[%clk 0:14:20]} Qc7 {[%clk 0:13:58]} 15. b3
{[%clk 0:14:04]} Qb8 {[%clk 0:13:45]} 16. Na4 {[%clk 0:13:59]} Ba8
{[%clk 0:13:43]} 17. Nc3 {[%clk 0:13:51]} Rfd8 {[%clk 0:13:34]} 18. Bf1
{[%clk 0:13:48]} Nce5 {[%clk 0:13:24]} 19. Nd4 {[%clk 0:13:37]} Nc6
{[%clk 0:13:10]} 20. Nc2 {[%clk 0:13:12]} Nce5 {[%clk 0:13:11]} 21. h3
{[%clk 0:12:49]} Qc7 {[%clk 0:11:55]} 22. Nd4 {[%clk 0:12:42]} Qb8
{[%clk 0:11:59]} 23. Kh1 {[%clk 0:12:40]} Nc6 {[%clk 0:11:51]} 24. Nc2
{[%clk 0:12:36]} Nce5 {[%clk 0:11:48]} 25. Bg1 {[%clk 0:12:15]} h6
{[%clk 0:11:19]} 26. Bh2 {[%clk 0:12:03]} Bc6 {[%clk 0:10:31]} 27. Nd4
{[%clk 0:12:01]} Qa8 {[%clk 0:10:17]} 28. Nxc6 {[%clk 0:11:53]} Qxc6
{[%clk 0:09:58]} 29. Ne2 {[%clk 0:11:34]} Qb7 {[%clk 0:09:46]} 30. Nd4
{[%clk 0:11:32]} Nc6 {[%clk 0:09:35]} 31. Nc2 {[%clk 0:10:08]} Nce5
{[%clk 0:09:16]} 32. f4 {[%clk 0:09:30]} Ng6 {[%clk 0:08:57]} 33. Bd3
{[%clk 0:09:06]} Nc5 {[%clk 0:08:22]} 34. Qe3 {[%clk 0:08:32]} b5
{[%clk 0:08:04]} 35. cxb5 {[%clk 0:08:24]} axb5 {[%clk 0:08:08]} 36. Nd4
{[%clk 0:08:28]} Nxd3 {[%clk 0:07:40]} 37. Qxd3 {[%clk 0:08:31]} d5
{[%clk 0:07:27]} 38. e5 {[%clk 0:08:21]} b4 {[%clk 0:06:45]} 39. f5
{[%clk 0:07:37]} exf5 {[%clk 0:06:23]} 40. Qxf5 {[%clk 0:07:40]} Bg5
{[%clk 0:03:40]} 41. Rxc8 {[%clk 0:07:32]} Qxc8 {[%clk 0:03:29]} 42. e6
{[%clk 0:07:31]} Bf6 {[%clk 0:02:58]} 43. exf7+ {[%clk 0:06:49]} Kxf7
{[%clk 0:03:01]} 44. Qf1 {[%clk 0:06:16]} Kg8 {[%clk 0:02:48]} 45. Nf5
{[%clk 0:06:20]} d4 {[%clk 0:02:40]} 46. Nxh6+ {[%clk 0:06:20]} Kh7
{[%clk 0:02:26]} 47. Ng4 {[%clk 0:06:11]} Qc2 {[%clk 0:02:15]} 48. Rc1
{[%clk 0:05:45]} Qb2 {[%clk 0:02:03]} 49. Nxf6+ {[%clk 0:05:43]} gxf6
{[%clk 0:02:04]} 50. Rc7+ {[%clk 0:05:45]} Kh6 {[%clk 0:01:55]} 51. Qxf6
{[%clk 0:05:41]} Qb1+ {[%clk 0:01:18]} 52. Bg1 {[%clk 0:05:43]} Qe4
{[%clk 0:01:12]} 53. Qxd8 {[%clk 0:05:31]} 1-0

[Event "Portugal Open Semirrapidas"]
[Site "Lisboa POR"]
[Date "2020.02.02"]
[Round "6.14"]
[White "TABOAS RODRIGUEZ, Daniel"]
[Black "GARCIA DORADO, Alberto"]
[Result "1-0"]
[BlackElo "2150"]
[WhiteElo "2411"]
[LiveChessVersion "1.4.8"]

1. d4 {[%clk 0:15:05]} d5 {[%clk 0:15:07]} 2. Nf3 {[%clk 0:15:12]} e6
{[%clk 0:15:07]} 3. c4 {[%clk 0:15:16]} Nf6 {[%clk 0:15:10]} 4. Bg5
{[%clk 0:15:19]} Be7 {[%clk 0:15:12]} 5. e3 {[%clk 0:15:22]} O-O {[%clk 0:15:07]}
6. Nc3 {[%clk 0:15:27]} a6 {[%clk 0:15:11]} 7. Rc1 {[%clk 0:14:38]} dxc4
{[%clk 0:15:03]} 8. Bxc4 {[%clk 0:14:40]} b5 {[%clk 0:15:07]} 9. Bd3
{[%clk 0:14:42]} Bb7 {[%clk 0:15:11]} 10. O-O {[%clk 0:14:18]} Nbd7
{[%clk 0:15:15]} 11. Qc2 {[%clk 0:14:02]} Rc8 {[%clk 0:14:31]} 12. Rfd1
{[%clk 0:13:59]} h6 {[%clk 0:14:33]} 13. Bxf6 {[%clk 0:14:02]} Nxf6
{[%clk 0:14:37]} 14. Ne4 {[%clk 0:14:05]} Nd5 {[%clk 0:14:25]} 15. a3
{[%clk 0:14:04]} Bd6 {[%clk 0:13:59]} 16. Nc5 {[%clk 0:14:04]} Rb8
{[%clk 0:13:59]} 17. Bh7+ {[%clk 0:13:34]} Kh8 {[%clk 0:14:02]} 18. Be4
{[%clk 0:13:38]} Qe7 {[%clk 0:13:53]} 19. Nxb7 {[%clk 0:13:34]} Rxb7
{[%clk 0:13:57]} 20. Bxd5 {[%clk 0:13:37]} exd5 {[%clk 0:14:00]} 21. Qc6
{[%clk 0:13:41]} Rfb8 {[%clk 0:14:02]} 22. Qxd5 {[%clk 0:13:45]} b4
{[%clk 0:14:06]} 23. a4 {[%clk 0:13:47]} b3 {[%clk 0:14:10]} 24. Rc6
{[%clk 0:13:40]} Rb6 {[%clk 0:14:04]} 25. Rdc1 {[%clk 0:13:24]} Rxc6
{[%clk 0:14:08]} 26. Qxc6 {[%clk 0:13:26]} Rb6 {[%clk 0:14:12]} 27. Qc4
{[%clk 0:13:22]} Qd7 {[%clk 0:14:10]} 28. h3 {[%clk 0:13:21]} Rb4
{[%clk 0:14:10]} 29. Qxa6 {[%clk 0:13:21]} Rxa4 {[%clk 0:14:12]} 30. Qb7
{[%clk 0:13:18]} Rb4 {[%clk 0:14:16]} 31. Qa8+ {[%clk 0:13:17]} Kh7
{[%clk 0:14:20]} 32. Qe4+ {[%clk 0:13:17]} g6 {[%clk 0:14:21]} 33. Nd2
{[%clk 0:13:07]} Qa4 {[%clk 0:14:22]} 34. Qd5 {[%clk 0:13:07]} Kg7
{[%clk 0:14:23]} 35. Qe4 {[%clk 0:12:50]} Qa2 {[%clk 0:14:19]} 36. Qb1
{[%clk 0:12:54]} Qa6 {[%clk 0:13:54]} 37. Rc3 {[%clk 0:12:48]} Qa2
{[%clk 0:13:01]} 38. g3 {[%clk 0:12:32]} Rb6 {[%clk 0:13:05]} 39. Kg2
{[%clk 0:12:30]} Qa5 {[%clk 0:12:51]} 40. Qe4 {[%clk 0:11:16]} Qa2
{[%clk 0:12:50]} 41. Nc4 {[%clk 0:11:14]} Bb4 {[%clk 0:12:22]} 42. Rd3
{[%clk 0:10:52]} Rf6 {[%clk 0:12:17]} 43. d5 {[%clk 0:10:16]} Qb1
{[%clk 0:12:07]} 44. Ne5 {[%clk 0:10:02]} Qxb2 {[%clk 0:11:55]} 45. Ng4
{[%clk 0:09:48]} Rb6 {[%clk 0:11:36]} 46. Qf4 {[%clk 0:08:56]} g5
{[%clk 0:11:36]} 47. Qxc7 {[%clk 0:08:58]} Rd6 {[%clk 0:10:41]} 48. Qc4
{[%clk 0:08:35]} h5 {[%clk 0:09:52]} 49. Qxb4 {[%clk 0:07:38]} hxg4 50. Qxd6
gxh3+ 51. Kxh3 Qxf2 52. Rxb3 Qf5+ 1-0

[Event "Portugal Open Semirrapidas"]
[Site "Lisboa POR"]
[Date "2020.02.02"]
[Round "6.15"]
[White "FROIS, Antonio"]
[Black "BAYRAMOV, Zaur"]
[Result "1-0"]
[BlackElo "2146"]
[WhiteElo "2357"]
[LiveChessVersion "1.4.8"]

1. Nf3 g6 {[%clk 0:15:06]} 2. d4 {[%clk 0:14:10]} Bg7 {[%clk 0:15:11]} 3. g3
{[%clk 0:14:12]} c5 {[%clk 0:15:07]} 4. c3 {[%clk 0:14:08]} cxd4 {[%clk 0:15:08]}
5. cxd4 {[%clk 0:14:12]} d6 {[%clk 0:15:12]} 6. Bg2 {[%clk 0:14:14]} Nf6
{[%clk 0:15:16]} 7. O-O {[%clk 0:14:18]} O-O {[%clk 0:15:20]} 8. Nc3
{[%clk 0:14:22]} Nc6 {[%clk 0:15:23]} 9. h3 {[%clk 0:14:24]} e5 {[%clk 0:15:08]}
10. d5 {[%clk 0:14:09]} Ne7 {[%clk 0:15:12]} 11. e4 {[%clk 0:14:14]} b5
{[%clk 0:14:47]} 12. a3 {[%clk 0:14:02]} a6 {[%clk 0:14:37]} 13. Be3
{[%clk 0:14:03]} Nd7 {[%clk 0:14:33]} 14. Ne1 {[%clk 0:13:10]} f5
{[%clk 0:14:31]} 15. Nd3 {[%clk 0:13:06]} Nf6 {[%clk 0:14:07]} 16. f3
{[%clk 0:13:01]} Nh5 {[%clk 0:13:40]} 17. Bf2 {[%clk 0:12:43]} f4
{[%clk 0:13:44]} 18. g4 {[%clk 0:12:44]} Ng3 {[%clk 0:13:48]} 19. Bxg3
{[%clk 0:12:29]} fxg3 20. Qe1 a5 {[%clk 0:13:19]} 21. Qxg3 {[%clk 0:12:14]} Bd7
{[%clk 0:12:50]} 22. Kh1 {[%clk 0:12:06]} Qb6 {[%clk 0:12:46]} 23. Qf2
{[%clk 0:12:09]} Qxf2 {[%clk 0:12:45]} 24. Rxf2 {[%clk 0:12:05]} Bh6
{[%clk 0:12:41]} 25. Re2 {[%clk 0:11:44]} Rab8 {[%clk 0:12:28]} 26. h4
{[%clk 0:10:47]} Nc8 {[%clk 0:11:51]} 27. g5 {[%clk 0:10:51]} Bg7
{[%clk 0:11:56]} 28. b4 {[%clk 0:10:46]} a4 {[%clk 0:11:56]} 29. Rc2
{[%clk 0:10:27]} Nb6 {[%clk 0:12:00]} 30. Rac1 {[%clk 0:09:31]} Rfc8
{[%clk 0:12:05]} 31. Nb1 {[%clk 0:09:30]} Nc4 {[%clk 0:11:35]} 32. Kh2
{[%clk 0:09:24]} Bf8 {[%clk 0:11:34]} 33. Bh3 {[%clk 0:09:17]} Bxh3
{[%clk 0:11:09]} 34. Kxh3 {[%clk 0:09:21]} Be7 {[%clk 0:11:14]} 35. Nd2
{[%clk 0:08:52]} Rf8 {[%clk 0:11:13]} 36. Kg3 {[%clk 0:07:54]} Nxa3
{[%clk 0:10:10]} 37. Ra2 {[%clk 0:07:51]} Nc4 {[%clk 0:10:15]} 38. Nxc4 bxc4 39.
Rxc4 {[%clk 0:07:58]} Rf7 {[%clk 0:10:06]} 40. Rxa4 {[%clk 0:07:03]} Rbf8
{[%clk 0:10:03]} 41. Ne1 {[%clk 0:07:05]} h6 {[%clk 0:10:04]} 42. Rc7
{[%clk 0:06:34]} hxg5 {[%clk 0:09:49]} 43. hxg5 {[%clk 0:06:36]} Bxg5
{[%clk 0:09:53]} 44. Rxf7 {[%clk 0:06:11]} Rxf7 {[%clk 0:09:57]} 45. Ra6
{[%clk 0:06:11]} Bf4+ {[%clk 0:09:17]} 46. Kf2 {[%clk 0:06:06]} Rd7
{[%clk 0:08:46]} 47. Nd3 {[%clk 0:05:54]} Bd2 {[%clk 0:08:43]} 48. Ke2
{[%clk 0:05:55]} Bc3 {[%clk 0:08:47]} 49. b5 {[%clk 0:05:56]} Rb7
{[%clk 0:08:47]} 50. Rxd6 {[%clk 0:05:51]} Rxb5 {[%clk 0:08:51]} 51. Rxg6+
{[%clk 0:05:48]} Kf7 {[%clk 0:08:55]} 52. Re6 {[%clk 0:05:52]} Ra5
{[%clk 0:08:35]} 53. Nxe5+ {[%clk 0:05:56]} Kg7 {[%clk 0:08:40]} 54. f4
{[%clk 0:05:50]} Ra4 {[%clk 0:08:25]} 55. Kf3 {[%clk 0:05:54]} Ra1
{[%clk 0:08:14]} 56. Kg4 {[%clk 0:05:54]} Rg1+ {[%clk 0:07:58]} 57. Kf5
{[%clk 0:05:58]} Rf1 {[%clk 0:08:01]} 58. Ng6 {[%clk 0:05:49]} 1-0

[Event "Portugal Open Semirrapidas"]
[Site "Lisboa POR"]
[Date "2020.02.02"]
[Round "6.16"]
[White "FERREIRA, Luis Pedro"]
[Black "GOLUCH, Piotr"]
[Result "1/2-1/2"]
[BlackElo "2341"]
[WhiteElo "2170"]
[LiveChessVersion "1.4.8"]

1. e4 c6 {[%clk 0:15:09]} 2. d4 {[%clk 0:15:11]} d5 {[%clk 0:15:12]} 3. Nc3
{[%clk 0:15:14]} dxe4 {[%clk 0:15:16]} 4. Nxe4 {[%clk 0:15:17]} Bf5
{[%clk 0:15:19]} 5. Ng3 {[%clk 0:15:21]} Bg6 {[%clk 0:15:23]} 6. Nh3
{[%clk 0:15:25]} e6 {[%clk 0:15:25]} 7. Nf4 {[%clk 0:15:28]} Qh4 {[%clk 0:15:27]}
8. c3 {[%clk 0:14:36]} Nf6 {[%clk 0:15:28]} 9. Qb3 {[%clk 0:14:19]} b6
{[%clk 0:15:31]} 10. Bc4 {[%clk 0:12:58]} Bd6 {[%clk 0:15:29]} 11. Nge2
{[%clk 0:12:23]} O-O {[%clk 0:15:15]} 12. Nxg6 {[%clk 0:12:21]} hxg6
{[%clk 0:15:19]} 13. Bxe6 {[%clk 0:12:25]} Qh5 {[%clk 0:15:01]} 14. Be3
{[%clk 0:11:53]} Nd5 {[%clk 0:14:49]} 15. Bxd5 {[%clk 0:11:50]} cxd5
{[%clk 0:14:52]} 16. g4 {[%clk 0:09:58]} Qxg4 {[%clk 0:14:36]} 17. Qxd5
{[%clk 0:10:01]} Qd7 {[%clk 0:14:26]} 18. Bf4 {[%clk 0:08:55]} Bxf4
{[%clk 0:14:25]} 19. Qxd7 {[%clk 0:08:59]} Nxd7 {[%clk 0:14:28]} 20. Nxf4
{[%clk 0:09:02]} g5 {[%clk 0:14:09]} 21. Nd5 {[%clk 0:09:04]} Rfd8
{[%clk 0:13:55]} 22. O-O-O {[%clk 0:08:32]} Nf8 {[%clk 0:13:48]} 23. Ne7+
{[%clk 0:08:26]} Kh7 {[%clk 0:13:50]} 24. Rdg1 {[%clk 0:08:17]} Re8
{[%clk 0:13:42]} 25. Nf5 {[%clk 0:08:13]} Kg6 {[%clk 0:13:38]} 26. Ne3
{[%clk 0:08:16]} f6 {[%clk 0:12:14]} 27. h4 {[%clk 0:08:18]} Ne6 {[%clk 0:12:16]}
28. hxg5 {[%clk 0:08:13]} Nxg5 {[%clk 0:12:14]} 29. Rg3 {[%clk 0:07:57]} Kf7
{[%clk 0:12:08]} 30. Rhg1 {[%clk 0:07:59]} Rg8 {[%clk 0:11:58]} 31. Nf5
{[%clk 0:08:02]} Rad8 {[%clk 0:11:54]} 32. f4 {[%clk 0:07:57]} Ne6
{[%clk 0:11:58]} 33. c4 {[%clk 0:07:36]} Nxf4 {[%clk 0:09:47]} 34. Rxg7+
{[%clk 0:07:31]} Rxg7 {[%clk 0:09:51]} 35. Rxg7+ {[%clk 0:07:33]} Ke6
{[%clk 0:09:54]} 36. Ne3 {[%clk 0:06:56]} Rxd4 {[%clk 0:09:44]} 37. Rxa7
{[%clk 0:06:27]} Rd3 {[%clk 0:09:28]} 38. Ra8 {[%clk 0:06:03]} Kd7
{[%clk 0:08:44]} 39. Nf5 {[%clk 0:05:18]} Ne2+ {[%clk 0:08:33]} 40. Kc2
{[%clk 0:05:22]} Rf3 {[%clk 0:08:34]} 41. Kd2 {[%clk 0:05:06]} Nf4
{[%clk 0:08:24]} 42. Rf8 {[%clk 0:04:38]} Nh5 {[%clk 0:07:55]} 43. Rf7+
{[%clk 0:04:11]} Kd8 {[%clk 0:07:44]} 44. Nd4 {[%clk 0:04:06]} Rf2+
{[%clk 0:07:39]} 45. Kc3 {[%clk 0:04:10]} Ng3 {[%clk 0:06:55]} 46. b4
{[%clk 0:02:59]} Rxa2 {[%clk 0:06:54]} 47. Rxf6 {[%clk 0:03:03]} Ne4+
{[%clk 0:06:57]} 48. Kb3 {[%clk 0:03:07]} Rd2 {[%clk 0:06:12]} 49. Nc6+
{[%clk 0:01:48]} Kc7 {[%clk 0:06:16]} 50. Rg6 {[%clk 0:01:46]} Rd3+
{[%clk 0:06:17]} 51. Kb2 {[%clk 0:01:44]} Rd2+ {[%clk 0:05:43]} 52. Kc1
{[%clk 0:01:34]} Rd6 {[%clk 0:05:23]} 53. Rxd6 {[%clk 0:01:05]} Kxd6
{[%clk 0:05:25]} 54. Nd4 {[%clk 0:01:05]} Ke5 {[%clk 0:05:12]} 55. Nf3+
{[%clk 0:00:53]} Kf4 {[%clk 0:05:15]} 56. Nd2 {[%clk 0:00:57]} Nd6
{[%clk 0:04:36]} 57. Kc2 {[%clk 0:00:56]} Ke5 {[%clk 0:04:38]} 58. Kd3
{[%clk 0:00:55]} Nc8 {[%clk 0:04:28]} 59. Nf1 {[%clk 0:00:45]} Ne7
{[%clk 0:04:22]} 60. Ne3 {[%clk 0:00:48]} Kd6 {[%clk 0:03:54]} 61. Ke4
{[%clk 0:00:42]} Nc6 {[%clk 0:03:54]} 62. Nd5 {[%clk 0:00:46]} b5
{[%clk 0:03:42]} 63. c5+ {[%clk 0:00:44]} Kd7 {[%clk 0:03:03]} 64. Kf5
{[%clk 0:00:29]} Nb8 {[%clk 0:02:57]} 65. Nf4 {[%clk 0:00:26]} Na6
{[%clk 0:02:55]} 66. Nd3 {[%clk 0:00:30]} Kc6 {[%clk 0:02:57]} 67. Ne5+
{[%clk 0:00:12]} Kd5 {[%clk 0:02:33]} 68. c6 {[%clk 0:00:15]} Kd6
{[%clk 0:02:36]} 69. Nd3 {[%clk 0:00:10]} Nb8 {[%clk 0:02:32]} 70. Ke4
{[%clk 0:00:13]} Nxc6 {[%clk 0:02:36]} 71. Ke3 {[%clk 0:00:15]} Kd5
{[%clk 0:02:40]} 72. Kd2 {[%clk 0:00:18]} Kc4 {[%clk 0:02:45]} 73. Kc2
{[%clk 0:00:22]} Nd4+ {[%clk 0:02:47]} 74. Kd2 {[%clk 0:00:25]} Kb3
{[%clk 0:02:42]} 75. Nc5+ {[%clk 0:00:10]} Kxb4 {[%clk 0:02:44]} 76. Na6+
{[%clk 0:00:13]} Kc4 {[%clk 0:02:46]} 77. Kc1 {[%clk 0:00:16]} Kc3
{[%clk 0:02:47]} 78. Nc7 {[%clk 0:00:18]} b4 {[%clk 0:02:44]} 1/2-1/2

[Event "Portugal Open Semirrapidas"]
[Site "Lisboa POR"]
[Date "2020.02.02"]
[Round "6.17"]
[White "BUTKIEWICZ, Lukasz"]
[Black "SANTOS, Antonio P"]
[Result "1/2-1/2"]
[BlackElo "2116"]
[WhiteElo "2294"]
[LiveChessVersion "1.4.8"]

1. d4 {[%clk 0:15:08]} Nf6 {[%clk 0:15:08]} 2. c4 {[%clk 0:15:12]} g6
{[%clk 0:15:11]} 3. Nc3 {[%clk 0:15:15]} d5 {[%clk 0:15:15]} 4. Bg5
{[%clk 0:15:18]} Ne4 {[%clk 0:15:19]} 5. Bh4 {[%clk 0:15:22]} Nxc3
{[%clk 0:15:22]} 6. bxc3 {[%clk 0:15:26]} dxc4 {[%clk 0:15:26]} 7. e3
{[%clk 0:15:25]} Be6 {[%clk 0:14:56]} 8. Be2 {[%clk 0:15:27]} c6 {[%clk 0:14:54]}
9. Nh3 {[%clk 0:15:21]} Bh6 {[%clk 0:14:54]} 10. Ng5 {[%clk 0:15:13]} Bxg5
{[%clk 0:14:37]} 11. Bxg5 {[%clk 0:15:17]} h6 {[%clk 0:14:40]} 12. Bf4
{[%clk 0:15:17]} Nd7 {[%clk 0:14:43]} 13. e4 {[%clk 0:14:59]} Nf6
{[%clk 0:14:42]} 14. f3 {[%clk 0:15:01]} b5 {[%clk 0:14:35]} 15. O-O
{[%clk 0:15:02]} Kf8 {[%clk 0:14:31]} 16. Qd2 {[%clk 0:14:44]} Kg7
{[%clk 0:14:33]} 17. Be5 {[%clk 0:14:47]} Kh7 {[%clk 0:14:27]} 18. Rae1
{[%clk 0:14:44]} Qb6 {[%clk 0:14:16]} 19. Bd1 Rhd8 {[%clk 0:14:11]} 20. Qf4
{[%clk 0:14:17]} Nh5 {[%clk 0:14:08]} 21. Qh4 {[%clk 0:13:22]} 1/2-1/2